000 00435nam a22001577a 4500
005 20260106093135.0
008 260106b |||||||| |||| 00| 0 eng d
020 _a978-1-473-60155-0
050 _aQE 28 .R68 2015
100 _aROTHERY DAVID A.
245 _aGEOLOGY: A COMPLETE INTRODUCTION
260 _aGREAT BRITAIN
_bHODDER EDUCATION
_c2015
300 _aX,389
650 _aEarth sciences-Physical geology
942 _2lcc
_cBK
999 _c216404
_d216404